Instructor's guide for biology : Concepts & connections,Campbell, Mitchell, Reece
The Biology: Concepts and connections, 2nd edition, each chapter consists of a series of concept modules, each taking up no more than two facing pages. The overall organization of the text is based on the interdisciplinary approaches, and biological science as a process.
Enregistré dans:
| Auteur principal: | |
|---|---|
| Format: | Livre |
| Langue: | Undetermined |
| Publié: |
Menlo Park, California
Benjamin/Cummings
1997
|
| Sujets: | |
| Tags: |
Ajouter un tag
Pas de tags, Soyez le premier à ajouter un tag!
|
| Thư viện lưu trữ: | Trung tâm Học liệu Trường Đại học Cần Thơ |
|---|
| LEADER | 00959nam a2200205Ia 4500 | ||
|---|---|---|---|
| 001 | CTU_29156 | ||
| 008 | 210402s9999 xx 000 0 und d | ||
| 082 | |a 570 | ||
| 082 | |b F341 | ||
| 100 | |a Fenster, Eugene J. | ||
| 245 | 0 | |a Instructor's guide for biology : | |
| 245 | 0 | |b Concepts & connections,Campbell, Mitchell, Reece | |
| 245 | 0 | |c Eugene J. Fenster, Fred M. Rhoades | |
| 260 | |a Menlo Park, California | ||
| 260 | |b Benjamin/Cummings | ||
| 260 | |c 1997 | ||
| 520 | |a The Biology: Concepts and connections, 2nd edition, each chapter consists of a series of concept modules, each taking up no more than two facing pages. The overall organization of the text is based on the interdisciplinary approaches, and biological science as a process. | ||
| 650 | |a Biology,Life sciences,Natural history,Lịch sử tự nhiên,Sinh học,Khoa học đời sống | ||
| 904 | |i Minh, 990311 | ||
| 980 | |a Trung tâm Học liệu Trường Đại học Cần Thơ | ||